Actors and Actresses Born in 1971 by Picture - Statistics

General Stats
  • This quiz has been taken 88 times
  • The average score is 7 of 18
Answer Stats
Picture Answer % Correct
Mark Wahlberg
86%
Winona Ryder
76%
Jeremy Renner
72%
Jared Leto
62%
Sandra Oh
61%
Jon Hamm
50%
Amy Poehler
49%
Jada Pinkett Smith
46%
Eric Stonestreet
28%
Chris Tucker
27%
Alfonso Ribeiro
24%
Keegan-Michael Key
24%
Joel McHale
19%
Tig Notaro
14%
Craig Robinson
12%
Angela Kinsey
5%
Bridget Moynahan
5%
Cara Buono
4%
No matching quizzes found
Score Distribution
Percent of People with Each Score
Percentile by Number Answered
Your Score History
You have not taken this quiz